Missing Word: TV Shows with 'H' Quiz Stats

 Plays Quiz Updated Jan 3, 2015

Challenge
Share
Tweet
Embed
Score 0/20 Timer 02:00
0 Plays Today
Television Show Answer % Correct
Everybody _____ ChrisHates
94.7%
The Beverly _____Hillbillies
91.5%
The Dukes of _____Hazzard
90.8%
_____ KitchenHell's
90.6%
_____ DoodyHowdy
88.9%
_____ Arnold!Hey
88%
This Old _____House
85.5%
_____ Gun - Will TravelHave
79.9%
Access _____Hollywood
79.8%
_____ Days Happy
77.8%
Television Show Answer % Correct
I'm with _____Her
73.6%
_____ HeroesHogan's
73.1%
Chicago _____Hope
65.5%
Your _____ ParadeHit
45.2%
_____ HoundHuckleberry
44.8%
Mary _____, Mary _____Hartman
35.2%
Sea _____Hunt
31.7%
_____ TargetHuman
12.6%
Night _____Heat
12.5%
Unnatural _____History
4.3%

Today's Daily Dose

You're not logged in!

Compare scores with friends on all Sporcle quizzes.
OR
Log In

You Might Also Like...

Show Comments

Extras

Top Quizzes Today


Score Distribution

Your Account Isn't Verified!

In order to create a playlist on Sporcle, you need to verify the email address you used during registration. Go to your Sporcle Settings to finish the process.

Report this User

Report this user for behavior that violates our Community Guidelines.

Details: